000 00945nam a2200277 a 4500
001 BRL_534
005 20190320210804.0
008 020913s1995----mx-a######---#000-0#spa-#
020 _a9686533257
041 _aspaeng
044 _amx
050 4 _aNX192
_b.G85 1995
245 1 0 _aLa guía artes de México
_bmuseos, galerías y otros espacios del arte
_ccoordinación general del proyecto, Antonieta Cruz
260 _aMéxico
_bArtes de México y del Mundo
_c1995
300 _a318 p.
_bil.
_c24 cm.
500 _aAu569
500 _aTexto en: español e inglés
650 1 4 _aArte
_vGuías
_xServicios de Información
_zMéxico
_924224
650 1 4 _aArte
_vGuías
_xGalerías y museos
_zMonterrey
_924225
650 1 4 _aArte
_vGuías
_xGalerías y museos
_zGuadalajara
_924226
650 1 4 _aArte
_vGuías
_xGalerías y museos
_zOaxaca
_924227
700 1 _aCruz, Antonieta
_95966
740 0 _aArtes de México
902 _aGRL
942 _2lcc
_cB
999 _c9346
_d9346